| 000 | 00534nam a22001817a 4500 | ||
|---|---|---|---|
| 003 | OSt | ||
| 005 | 20240828155831.0 | ||
| 008 | 240828b |||||||| |||| 00| 0 eng d | ||
| 020 | _a0851991092 | ||
| 040 |
_cMUST _dMUST |
||
| 100 |
_aMcKersie B.D _919084 |
||
| 245 | _aBiotechnology and the improvement of forage legumes. | ||
| 260 |
_aNew York _bCAB INTERNATIONAL _c1997 |
||
| 300 |
_aix,444p. _bpictures,ill. _c24cm. |
||
| 500 | _aBiotechnology of forage legumes. | ||
| 650 | _2Biotechnology of forage legumes. | ||
| 942 |
_2ddc _cO_SHELF |
||
| 999 |
_c9339 _d9339 |
||